[Event "Neiva op 15th"]
[Site "Neiva"]
[Date "2014.11.17"]
[Round "6"]
[White "Naranjo Torres, Miguel Andres"]
[Black "Hernandez Graterol, Zaida"]
[Result "1-0"]
[WhiteElo "1673"]
[BlackElo "1708"]
[PlyCount "97"]
[EventDate "2014.11.14"]
[EventType "swiss"]
[EventRounds "7"]
[EventCountry "COL"]
[SourceTitle "CBM 163 Extra"]
[Source "ChessBase"]
[SourceDate "2014.12.23"]
[SourceVersion "1"]
[SourceVersionDate "2014.12.23"]
[SourceQuality "1"]

1. Nf3 d5 2. d4 g6 3. Bf4 Bg7 4. e3 Nf6 5. c4 c6 6. Nbd2 0-0 7. Ne5 Nbd7 8. Be2 Nxe5 9. Bxe5 dxc4 10. Bxc4 Nd5 11. Bxg7 Kxg7 12. 0-0 a5 13. Qf3 a4 14. a3 b5 15. Ba2 Bb7 16. Ne4 Rb8 17. Nc5 Bc8 18. e4 Nf6 19. Qc3 Kg8 20. Rfd1 Qb6 21. Rac1 b4 22. axb4 Qxb4 23. Rd2 Rd8 24. Rcd1 Bg4 25. f3 Bc8 26. Nd3 Qxd4+ 27. Qxd4 Rxd4 28. Bxf7+ Kg7 29. Ba2 Ba6 30. Ne5 Rxd2 31. Rxd2 Rb6 32. Rc2 Bb5 33. g4 g5 34. Kf2 h5 35. gxh5 Nxh5 36. Nd7 Rb7 37. Nc5 Rb8 38. Rd2 Nf4 39. Rd7 Kf6 40. Ra7 Rh8 41. Nd7+ Kg7 42. Kg3 Rh3+ 43. Kg4 Kh6 44. Nf8 Bf1 45. Rxe7 Rh4+ 46. Kg3 Ne2+ 47. Kf2 Rxh2+ 48. Kxf1 Ng3+ 49. Kg1 1-0

[Event "VEN-ch (Women)"]
[Site "Lecheria"]
[Date "2014.01.11"]
[Round "2"]
[White "Varela la Madrid, Maria"]
[Black "Hernandez Graterol, Zaida"]
[Result "1-0"]
[WhiteElo "1940"]
[BlackElo "1957"]
[PlyCount "85"]
[EventDate "2014.01.10"]
[EventType "swiss"]
[EventRounds "9"]
[EventCountry "VEN"]
[SourceTitle "CBM 158 Extra"]
[Source "ChessBase"]
[SourceDate "2014.02.28"]
[SourceVersion "1"]
[SourceVersionDate "2014.02.28"]
[SourceQuality "1"]

1. d4 d5 2. Nf3 Nf6 3. Bg5 Ne4 4. Bf4 e6 5. Nbd2 Be7 6. e3 Nf6 7. Bd3 0-0 8. Ne5 b6 9. g4 Bb7 10. Qe2 c5 11. c3 Nbd7 12. g5 Ne4 13. h4 Nxe5 14. Bxe5 f6 15. gxf6 Bxf6 16. Bxe4 dxe4 17. Qg4 cxd4 18. Qxe6+ Kh8 19. Bxd4 Bxd4 20. cxd4 Rf6 21. Qe5 Qf8 22. h5 Re8 23. Qg3 Qb4 24. 0-0-0 Ba6 25. Kb1 Bd3+ 26. Ka1 Rf5 27. Rdg1 Rf7 28. Nb1 a5 29. h6 g6 30. Rc1 a4 31. Rc3 Rf5 32. a3 Qf8 33. Rh2 b5 34. Rc6 b4 35. axb4 Qxb4 36. Qc7 Qf8 37. Rd6 Rc8 38. Qb6 Rb5 39. Qa7 Rc1 40. f4 Rxb1+ 41. Ka2 Qg8+ 42. d5 Rb8 43. Qd4+ 1-0

[Event "Panama op 3rd"]
[Site "Panama City"]
[Date "2013.11.03"]
[Round "5"]
[White "Pilarte, Rene"]
[Black "Hernandez Graterol, Zaida"]
[Result "1-0"]
[WhiteElo "2132"]
[BlackElo "1958"]
[PlyCount "41"]
[EventDate "2013.10.30"]
[EventType "swiss"]
[EventRounds "9"]
[EventCountry "PAN"]
[SourceTitle "EXT 2014"]
[Source "ChessBase"]
[SourceDate "2013.11.20"]
[SourceVersion "1"]
[SourceVersionDate "2013.11.20"]
[SourceQuality "1"]

1. Nf3 d5 2. d4 Nf6 3. c4 c6 4. cxd5 cxd5 5. Nc3 Nc6 6. Bf4 Bf5 7. e3 e6 8. Bb5 Nd7 9. 0-0 Rc8 10. Rc1 a6 11. Bd3 Bxd3 12. Qxd3 Nf6 13. a3 Bd6 14. Bxd6 Qxd6 15. b4 b5 16. Nd2 e5 17. dxe5 Nxe5 18. Nce4 Qd7 19. Rxc8+ Ke7 20. Qc3 Rxc8 21. Qxe5+ 1-0

[Event "Barcelona Sant Marti op-A 15th"]
[Site "Barcelona"]
[Date "2013.07.17"]
[Round "5"]
[White "Quero Ortega, Juan"]
[Black "Hernandez Graterol, Zaida"]
[Result "0-1"]
[WhiteElo "1809"]
[BlackElo "1998"]
[PlyCount "112"]
[EventDate "2013.07.13"]
[EventType "swiss"]
[EventRounds "9"]
[EventCountry "ESP"]
[SourceTitle "CBM 155 Extra"]
[Source "ChessBase"]
[SourceDate "2013.08.26"]
[SourceVersion "1"]
[SourceVersionDate "2013.08.26"]
[SourceQuality "1"]

1. e4 c5 2. Nf3 d6 3. Nc3 a6 4. d4 cxd4 5. Nxd4 Nf6 6. Be2 e6 7. 0-0 Be7 8. a4 Qc7 9. Be3 Nc6 10. Nxc6 bxc6 11. Bf3 Bb7 12. b3 0-0 13. a5 c5 14. Qe2 Nd7 15. Bd2 Bf6 16. Ra2 Bc6 17. Re1 Ne5 18. Bg4 Bb7 19. f4 Nc6 20. Na4 Nxa5 21. e5 dxe5 22. fxe5 Bh4 23. Bxa5 Qxa5 24. Rea1 Rfd8 25. c3 Qc7 26. Nb2 Qb6 27. Na4 Qc7 28. Nb2 Qb6 29. Nc4 Qc7 30. Nd6 Rab8 31. Bf3 Bc8 32. Bh5 g6 33. Bf3 Bg5 34. Qc4 Qb6 35. h4 Be3+ 36. Kh2 Qxb3 37. Qe4 Bh6 38. Ra3 Qb2 39. R1a2 Qc1 40. Ra1 Qf4+ 41. g3 Rb2+ 42. Bg2 Qxe4 43. Nxe4 Bb7 44. R1a2 Rxg2+ 45. Kxg2 Bxe4+ 46. Kf2 Bd3 47. Ra5 Rd5 48. c4 Bxc4 49. R2a4 Rd2+ 50. Kf3 Be2+ 51. Ke4 Bd3+ 52. Kf3 Bb5 53. Ra2 Bc6+ 54. Kg4 Rd4+ 55. Kh3 Bb5 56. Rc2 c4 0-1

[Event "Barcelona Sant Marti op-A 15th"]
[Site "Barcelona"]
[Date "2013.07.14"]
[Round "2"]
[White "Hernandez Graterol, Zaida"]
[Black "Martorell Aguado, Joan"]
[Result "0-1"]
[WhiteElo "1998"]
[BlackElo "2167"]
[PlyCount "86"]
[EventDate "2013.07.13"]
[EventType "swiss"]
[EventRounds "9"]
[EventCountry "ESP"]
[SourceTitle "CBM 155 Extra"]
[Source "ChessBase"]
[SourceDate "2013.08.26"]
[SourceVersion "1"]
[SourceVersionDate "2013.08.26"]
[SourceQuality "1"]

1. e4 e6 2. d4 d5 3. Nc3 Bb4 4. e5 b6 5. a3 Bf8 6. Nf3 Bb7 7. g3 Qd7 8. Bg2 Nc6 9. 0-0 h6 10. Ne2 0-0-0 11. c3 g5 12. Re1 f6 13. exf6 Nxf6 14. b4 Bd6 15. a4 Rdf8 16. b5 Na5 17. Ne5 Bxe5 18. dxe5 Ng4 19. f4 gxf4 20. Nxf4 h5 21. Ng6 Rf2 22. Nxh8 Rxg2+ 23. Kxg2 d4+ 24. Kh3 Nf2+ 25. Kh4 Nxd1 26. Rxd1 Qg7 27. Bg5 Qxh8 28. Rxd4 Nb3 29. Bf6 Qg8 30. Rad1 Nxd4 31. Rxd4 Bf3 32. h3 Qg6 33. g4 hxg4 34. hxg4 Kb7 35. Kg3 Be2 36. Be7 Qc2 37. Bb4 Qxa4 38. g5 Qxb5 39. Be7 Qxe5+ 40. Kf2 Bh5 41. Bf6 Qh2+ 42. Ke3 e5 43. Re4 Qe2# 0-1

[Event "Barcelona Sant Marti op-A 15th"]
[Site "Barcelona"]
[Date "2013.07.13"]
[Round "1"]
[White "Getz, Nicolai"]
[Black "Hernandez Graterol, Zaida"]
[Result "1-0"]
[WhiteElo "2353"]
[BlackElo "1998"]
[PlyCount "63"]
[EventDate "2013.07.13"]
[EventType "swiss"]
[EventRounds "9"]
[EventCountry "ESP"]
[SourceTitle "CBM 155 Extra"]
[Source "ChessBase"]
[SourceDate "2013.08.26"]
[SourceVersion "1"]
[SourceVersionDate "2013.08.26"]
[SourceQuality "1"]

1. d4 d5 2. c4 c6 3. Nc3 Nf6 4. Nf3 g6 5. cxd5 cxd5 6. Ne5 Bg7 7. g3 0-0 8. Bg2 Nbd7 9. 0-0 Nb6 10. a4 Be6 11. a5 Nbd7 12. f4 Rc8 13. Be3 Nb8 14. Qb3 b6 15. a6 Nc6 16. Nb5 Na5 17. Qb4 Ng4 18. Bd2 Nxe5 19. dxe5 Qd7 20. b3 Rc2 21. Rfd1 Rfc8 22. Qa4 d4 23. Bxa5 bxa5 24. Nxd4 Qxa4 25. Rxa4 Rc1 26. Rxc1 Rxc1+ 27. Kf2 Bc8 28. Rxa5 f6 29. Nc6 fxe5 30. fxe5 Be6 31. Nxa7 Bh6 32. Nb5 1-0

[Event "Olympiad Women-40"]
[Site "Istanbul"]
[Date "2012.09.05"]
[Round "8.4"]
[White "Newrkla, Katharina"]
[Black "Hernandez Graterol, Zaida"]
[Result "1/2-1/2"]
[WhiteElo "2165"]
[BlackElo "1990"]
[PlyCount "83"]
[EventDate "2012.08.28"]
[EventType "team-swiss"]
[EventRounds "11"]
[EventCountry "TUR"]
[SourceTitle "CBM 150 Extra"]
[Source "ChessBase"]
[SourceDate "2012.10.19"]
[SourceVersion "1"]
[SourceVersionDate "2012.10.19"]
[SourceQuality "1"]
[WhiteTeam "Austria (W)"]
[BlackTeam "Venezuela (W)"]
[WhiteTeamCountry "AUT"]
[BlackTeamCountry "VEN"]

1. e4 c5 2. Nf3 d6 3. d4 cxd4 4. Nxd4 Nf6 5. Nc3 Nc6 6. Bg5 Bd7 7. Qd2 h6 8. Bxf6 gxf6 9. 0-0-0 Nxd4 10. Qxd4 Qa5 11. f4 Rc8 12. Kb1 Qc5 13. f5 h5 14. Be2 h4 15. Qxc5 Rxc5 16. Nd5 Bh6 17. Rhf1 Bg5 18. Rf3 Rc8 19. Ra3 a6 20. Bf3 Bc6 21. Rc3 Bd7 22. Rxc8+ Bxc8 23. a4 Bd7 24. a5 e6 25. Nb6 Bf4 26. Nxd7 Kxd7 27. h3 Be5 28. Rd3 Rc8 29. Bh5 Rf8 30. Rb3 Kc7 31. Rd3 Kc6 32. Ka2 Kb5 33. Rb3+ Kc6 34. Rb4 Kc7 35. Rc4+ Kd7 36. Kb1 Kd8 37. Kc1 Kd7 38. b3 Kd8 39. Kd1 Kd7 40. Ke2 Kd8 41. Kf3 Kd7 42. Ke2 1/2-1/2

[Event "Olympiad Women-40"]
[Site "Istanbul"]
[Date "2012.09.04"]
[Round "7.4"]
[White "Hernandez Graterol, Zaida"]
[Black "Nikolovska, Dragana"]
[Result "1-0"]
[WhiteElo "1990"]
[BlackElo "1828"]
[PlyCount "175"]
[EventDate "2012.08.28"]
[EventType "team-swiss"]
[EventRounds "11"]
[EventCountry "TUR"]
[SourceTitle "CBM 150 Extra"]
[Source "ChessBase"]
[SourceDate "2012.10.19"]
[SourceVersion "1"]
[SourceVersionDate "2012.10.19"]
[SourceQuality "1"]
[WhiteTeam "Venezuela (W)"]
[BlackTeam "Macedonia (W)"]
[WhiteTeamCountry "VEN"]
[BlackTeamCountry "MKD"]

1. e4 c5 2. Nf3 d6 3. d4 cxd4 4. Qxd4 Nc6 5. Bb5 Bd7 6. Bxc6 bxc6 7. 0-0 e5 8. Qd3 Be7 9. c4 h6 10. Nc3 Nf6 11. Rd1 Qc7 12. b3 0-0 13. Bb2 Rfd8 14. h3 Be6 15. Ne2 Rab8 16. Qc2 Qb7 17. Rd2 a5 18. Nc3 Nh5 19. Rad1 Qc8 20. Ne2 c5 21. Qc3 a4 22. g4 Nf6 23. Ng3 axb3 24. axb3 Qb7 25. g5 hxg5 26. Nxg5 Qxb3 27. Qxb3 Rxb3 28. Nxe6 fxe6 29. Bxe5 Ne8 30. Bf4 g5 31. Be3 Ra8 32. Rc2 Ra4 33. Kg2 Nc7 34. Bxc5 dxc5 35. Rd7 Bf8 36. Rxc7 Rbb4 37. Nh5 Bd6 38. Rc6 Bf8 39. Rc7 Bd6 40. Rc6 Bf8 41. Rxe6 Rxc4 42. Rxc4 Rxc4 43. Re5 Kf7 44. Rxg5 Rxe4 45. Rf5+ Kg6 46. Rxf8 Kxh5 47. Rf5+ Kg6 48. Rxc5 Ra4 49. Kg3 Ra3+ 50. Kg4 Ra6 51. h4 Rb6 52. f4 Rb1 53. Rc6+ Kg7 54. h5 Rg1+ 55. Kf5 Rh1 56. Kg5 Rg1+ 57. Kf5 Rh1 58. Rg6+ Kh7 59. Rg5 Ra1 60. Kg4 Rg1+ 61. Kf5 Ra1 62. Rg2 Ra5+ 63. Kg4 Ra4 64. Kg5 Ra8 65. Rb2 Rg8+ 66. Kh4 Rg1 67. Rb7+ Kh6 68. Rb6+ Kh7 69. Rd6 Rh1+ 70. Kg5 Rg1+ 71. Kf5 Ra1 72. Re6 Ra5+ 73. Re5 Ra1 74. Kf6 Rf1 75. f5 Rh1 76. Re7+ Kh6 77. Re8 Kh7 78. Re7+ Kh6 79. Rg7 Rxh5 80. Rg2 Kh7 81. Ke6 Rh1 82. Kf7 Kh6 83. f6 Ra1 84. Rh2+ Kg5 85. Kg7 Ra6 86. Rg2+ Kf5 87. f7 Ra7 88. Kg8 1-0

[Event "Barquisimeto-ch (Women)"]
[Site "Barquisimeto"]
[Date "2011.11.22"]
[Round "1"]
[White "Hernandez Graterol, Zaida"]
[Black "Duran Reina, Luisa Elena"]
[Result "1-0"]
[WhiteElo "2008"]
[BlackElo "2025"]
[PlyCount "93"]
[EventDate "2011.10.21"]
[EventType "tourn"]
[EventRounds "11"]
[EventCountry "VEN"]
[SourceTitle "EXT 2022"]
[Source "ChessBase"]
[SourceDate "2021.10.06"]
[SourceVersion "1"]
[SourceVersionDate "2021.10.06"]
[SourceQuality "1"]

1. e4 c5 2. Nf3 d6 3. d4 cxd4 4. Qxd4 a6 5. Be3 Nc6 6. Qd2 Nf6 7. Nc3 Ng4 8. Bf4 Qb6 9. Bc4 Nce5 10. Bxe5 Nxe5 11. Nxe5 dxe5 12. 0-0-0 e6 13. Bb3 Bb4 14. Ba4+ Bd7 15. Qxd7+ Kf8 16. Bb3 Be7 17. Qd2 h6 18. Kb1 g6 19. f4 Rd8 20. Qc1 Kg7 21. Rxd8 Rxd8 22. fxe5 Bg5 23. Qf1 Qd4 24. h4 Be7 25. Qf4 g5 26. Qg3 Rd7 27. Rf1 b5 28. a3 Qc5 29. Ne2 Bd8 30. Nf4 Kh7 31. Nh5 Rc7 32. Nf6+ Bxf6 33. exf6 Rc8 34. e5 Rg8 35. Qd3+ Kh8 36. hxg5 Rxg5 37. Qd8+ Rg8 38. Qe7 Qxe7 39. fxe7 Kg7 40. c4 Re8 41. c5 Rxe7 42. Bc2 Rd7 43. Rd1 Rc7 44. b4 a5 45. Rd6 axb4 46. axb4 f6 47. Rxe6 1-0

[Event "Barquisimeto-ch (Women)"]
[Site "Barquisimeto"]
[Date "2011.10.27"]
[Round "10"]
[White "Castellanos, Arianny"]
[Black "Hernandez Graterol, Zaida"]
[Result "0-1"]
[WhiteElo "1802"]
[BlackElo "2008"]
[PlyCount "74"]
[EventDate "2011.10.21"]
[EventType "tourn"]
[EventRounds "11"]
[EventCountry "VEN"]
[SourceTitle "EXT 2022"]
[Source "ChessBase"]
[SourceDate "2021.10.06"]
[SourceVersion "1"]
[SourceVersionDate "2021.10.06"]
[SourceQuality "1"]

1. e4 c5 2. c3 d6 3. d4 Nf6 4. Bd3 Nc6 5. Bc2 Qc7 6. h3 cxd4 7. cxd4 Nb4 8. Ba4+ Bd7 9. Bxd7+ Nxd7 10. Nc3 Qc4 11. Nge2 Nd3+ 12. Kf1 e5 13. b3 Qa6 14. Nd5 Rc8 15. Be3 Nb6 16. Nxb6 axb6 17. g3 Be7 18. Kg2 0-0 19. dxe5 dxe5 20. Bxb6 Qxb6 21. Qxd3 Bc5 22. Qf3 Rc6 23. Rhf1 Rf6 24. Qc3 Re8 25. Rac1 Rc6 26. Qb2 Qa6 27. a4 Qd3 28. Qc2 Qa6 29. Qc4 Qb6 30. Qd5 h6 31. Rc4 Rec8 32. Qxe5 Qxb3 33. Rfc1 Bd6 34. Rxc6 Bxe5 35. Rxc8+ Kh7 36. R8c4 Qd3 37. Nc3 Qxc4 0-1

[Event "Barquisimeto-ch (Women)"]
[Site "Barquisimeto"]
[Date "2011.10.25"]
[Round "7"]
[White "Hernandez Graterol, Zaida"]
[Black "Osorio Panda, Intinusta A"]
[Result "1-0"]
[WhiteElo "2008"]
[BlackElo "1861"]
[PlyCount "67"]
[EventDate "2011.10.21"]
[EventType "tourn"]
[EventRounds "11"]
[EventCountry "VEN"]
[SourceTitle "EXT 2022"]
[Source "ChessBase"]
[SourceDate "2021.10.06"]
[SourceVersion "1"]
[SourceVersionDate "2021.10.06"]
[SourceQuality "1"]

1. e4 c5 2. Nf3 e6 3. Nc3 a6 4. d4 cxd4 5. Nxd4 Qc7 6. g3 Nc6 7. Bg2 g6 8. 0-0 Bg7 9. Nb3 Nge7 10. Bf4 e5 11. Nd5 Nxd5 12. exd5 0-0 13. Bg5 Nd4 14. Be7 Re8 15. Nxd4 exd4 16. d6 Qc5 17. c3 Rb8 18. cxd4 Qxd4 19. Qb3 Bf8 20. Bd5 Qg7 21. Rae1 Bxe7 22. Rxe7 Rf8 23. Rfe1 b5 24. Bxf7+ Kh8 25. Qc3 Qxc3 26. bxc3 Rb6 27. Rd1 Rc6 28. Rd3 Rc5 29. f4 g5 30. Be8 gxf4 31. Bxd7 fxg3 32. hxg3 Bxd7 33. Rxd7 Rff5 34. Re7 1-0

[Event "Barquisimeto-ch (Women)"]
[Site "Barquisimeto"]
[Date "2011.10.24"]
[Round "5"]
[White "Hernandez Graterol, Zaida"]
[Black "Otazo Sanchez, Annyd Gabriela"]
[Result "1-0"]
[WhiteElo "2008"]
[BlackElo "1953"]
[PlyCount "155"]
[EventDate "2011.10.21"]
[EventType "tourn"]
[EventRounds "11"]
[EventCountry "VEN"]
[SourceTitle "EXT 2022"]
[Source "ChessBase"]
[SourceDate "2021.10.06"]
[SourceVersion "1"]
[SourceVersionDate "2021.10.06"]
[SourceQuality "1"]

1. e4 e5 2. Nf3 Nf6 3. Nc3 Nc6 4. Bb5 Nd4 5. Ba4 Bc5 6. Nxe5 0-0 7. 0-0 d6 8. Nd3 Bb6 9. h3 Qe7 10. Re1 c6 11. Nf4 Qe5 12. d3 Ne6 13. Nxe6 fxe6 14. Be3 Bxe3 15. Rxe3 Nh5 16. d4 Qf6 17. Rf3 Nf4 18. Bb3 Kh8 19. Ne2 e5 20. dxe5 dxe5 21. Nxf4 exf4 22. c3 Be6 23. Qd4 Bxb3 24. Qxf6 Rxf6 25. axb3 g5 26. Rd3 Re6 27. f3 Re7 28. Ra5 h6 29. Rd6 Kg7 30. h4 g4 31. fxg4 Rxe4 32. Rd7+ Kf6 33. Rf5+ Ke6 34. Rff7 Re1+ 35. Kf2 Rb1 36. Rfe7+ Kf6 37. Re2 Rg8 38. Rd6+ Kf7 39. Rd7+ Kf6 40. g5+ hxg5 41. hxg5+ Rxg5 42. Rxb7 Rh5 43. Rxa7 Rhh1 44. Kf3 Rhf1+ 45. Kg4 Rbd1 46. Rc7 Rd6 47. Re4 f3 48. Rf4+ Ke6 49. Rxf3 Rxf3 50. Kxf3 Kd5 51. Rf7 Rh6 52. Rf5+ Ke6 53. Rf8 Rh1 54. Rd8 Rf1+ 55. Ke2 Rg1 56. Kf2 Rb1 57. Rd2 Ra1 58. c4 c5 59. Ke3 Ra8 60. Kd3 Kd6 61. Kc3+ Kc6 62. g4 Ra1 63. Rg2 Rc1+ 64. Kd2 Rb1 65. Kc2 Ra1 66. g5 Ra7 67. g6 Rg7 68. Kc3 Kb6 69. b4 Kc6 70. bxc5 Rg8 71. b4 Rg7 72. Rg5 Kb7 73. b5 Kc7 74. Kb4 Kb7 75. c6+ Kb6 76. Rd5 Rxg6 77. Rd7 Rg7 78. c5# 1-0

[Event "Barquisimeto-ch (Women)"]
[Site "Barquisimeto"]
[Date "2011.10.23"]
[Round "3"]
[White "Hernandez Graterol, Zaida"]
[Black "Sequeda Mendoza, Nancy Stella"]
[Result "1-0"]
[WhiteElo "2008"]
[BlackElo "2067"]
[PlyCount "55"]
[EventDate "2011.10.21"]
[EventType "tourn"]
[EventRounds "11"]
[EventCountry "VEN"]
[SourceTitle "EXT 2022"]
[Source "ChessBase"]
[SourceDate "2021.10.06"]
[SourceVersion "1"]
[SourceVersionDate "2021.10.06"]
[SourceQuality "1"]

1. e4 c5 2. Nf3 d6 3. Nc3 Nf6 4. d4 cxd4 5. Nxd4 a6 6. Be2 e6 7. 0-0 Be7 8. Be3 0-0 9. f4 Nc6 10. Bf3 Qc7 11. Qe1 Bd7 12. Nb3 Rac8 13. g4 b5 14. g5 Ne8 15. Bg2 b4 16. Ne2 f6 17. Qg3 Na5 18. Nxa5 Qxa5 19. Nd4 e5 20. Bh3 Bxh3 21. Qxh3 exd4 22. Qe6+ Kh8 23. Qxe7 Nc7 24. Bxd4 Nb5 25. gxf6 Rxf6 26. Bxf6 Qb6+ 27. Kh1 Rg8 28. Rg1 1-0

[Event "Barquisimeto-ch (Women)"]
[Site "Barquisimeto"]
[Date "2011.10.22"]
[Round "2"]
[White "Aponte Montes de Oca, Oriana Isabel"]
[Black "Hernandez Graterol, Zaida"]
[Result "0-1"]
[WhiteElo "1885"]
[BlackElo "2008"]
[PlyCount "78"]
[EventDate "2011.10.21"]
[EventType "tourn"]
[EventRounds "11"]
[EventCountry "VEN"]
[SourceTitle "EXT 2022"]
[Source "ChessBase"]
[SourceDate "2021.10.06"]
[SourceVersion "1"]
[SourceVersionDate "2021.10.06"]
[SourceQuality "1"]

1. e4 c5 2. Nf3 Nc6 3. d4 cxd4 4. Nxd4 d6 5. Nc3 e6 6. Be3 Nf6 7. Be2 a6 8. 0-0 Be7 9. f4 Qc7 10. Qe1 0-0 11. Qg3 Nxd4 12. Bxd4 b5 13. e5 dxe5 14. Bxe5 Qb6+ 15. Kh1 Bb7 16. Bd3 Ne8 17. Ne2 f6 18. Bd4 Qc6 19. Qh3 f5 20. Be5 Bf6 21. Nd4 Qb6 22. Nxe6 Qxe6 23. Bxf5 Qc6 24. Qxh7+ Kf7 25. Qh5+ Ke7 26. Bxf6+ Nxf6 27. Qe2+ Kf7 28. c3 Rae8 29. Qc2 Rd8 30. Bg6+ Kg8 31. Rae1 Rd6 32. Re5 Rfd8 33. Rg5 Rd2 34. Qb3+ Qc4 35. Qxc4+ bxc4 36. h4 Rxb2 37. Bf5 Rdd2 38. Bh3 Ne4 39. Rg6 Nf2+ 0-1

[Event "Capablanca Memorial op 44th"]
[Site "Havana"]
[Date "2009.06.11"]
[Round "4"]
[White "Hernandez Graterol, Zaida"]
[Black "Mencos, Claudia"]
[Result "1/2-1/2"]
[WhiteElo "2043"]
[BlackElo "1899"]
[PlyCount "52"]
[EventDate "2009.06.08"]
[EventType "swiss"]
[EventRounds "10"]
[EventCountry "CUB"]
[SourceTitle "CBM 130 Extra"]
[Source "ChessBase"]
[SourceDate "2009.07.02"]
[SourceVersion "2"]
[SourceVersionDate "2009.07.15"]
[SourceQuality "1"]

1. e4 c5 2. Nf3 e6 3. Nc3 a6 4. d4 cxd4 5. Nxd4 Qc7 6. Bd3 Nc6 7. Nb3 Nf6 8. 0-0 b5 9. Qe2 Be7 10. f4 d6 11. Be3 0-0 12. a3 Bb7 13. g4 Nd7 14. g5 Rfe8 15. Qh5 Nf8 16. f5 Ne5 17. f6 Bd8 18. Nd4 Nfg6 19. Nde2 Qc6 20. Nd4 Qd7 21. Nde2 Qc6 22. Ng3 Bb6 23. Qe2 Rad8 24. Nh5 Bxe3+ 25. Qxe3 Ng4 26. Qg3 Qc5+ 1/2-1/2

[Event "Olympiad Women-38"]
[Site "Dresden"]
[Date "2008.11.15"]
[Round "3"]
[White "Rudolf, Anna"]
[Black "Hernandez Graterol, Zaida"]
[Result "1-0"]
[WhiteElo "2318"]
[BlackElo "2039"]
[PlyCount "69"]
[EventDate "2008.11.13"]
[EventType "team-swiss"]
[EventRounds "11"]
[EventCountry "GER"]
[SourceTitle "CBM 128"]
[Source "ChessBase"]
[SourceDate "2009.01.28"]
[SourceVersion "1"]
[SourceVersionDate "2009.01.28"]
[SourceQuality "1"]
[WhiteTeam "Hungary (W)"]
[BlackTeam "Venezuela (W)"]
[WhiteTeamCountry "HUN"]
[BlackTeamCountry "VEN"]

1. e4 c5 2. Nf3 d6 3. d4 cxd4 4. Nxd4 Nf6 5. Nc3 a6 6. Be2 e5 7. Nb3 Be7 8. 0-0 Be6 9. f4 exf4 10. Bxf4 Qc7 11. Kh1 Nbd7 12. Nd4 0-0 13. Qe1 Qc5 14. Rd1 Ne5 15. Qg3 b5 16. a3 Nfd7 17. Be3 Qc7 18. Nxe6 fxe6 19. Qh3 Rxf1+ 20. Rxf1 Nf8 21. Bg4 Nxg4 22. Qxg4 Qc4 23. Kg1 d5 24. Qh5 Bc5 25. Bxc5 Qxc5+ 26. Kh1 Ng6 27. exd5 exd5 28. Nxd5 Qxc2 29. Nf6+ gxf6 30. Qd5+ Kg7 31. Qb7+ Kh6 32. Qxa8 Qxb2 33. Qxa6 Nf4 34. Qc6 Kg6 35. Qe4+ 1-0